| 000 | 00654nam a2200277Ia 4500 | ||
|---|---|---|---|
| 008 | 210210b2006 xxu||||| |||| 00| 0 eng d | ||
| 020 | _a184511115X | ||
| 041 | _aeng | ||
| 082 | _a281.8 BAUC | ||
| 100 | _aBAUMER (Christoph) | ||
| 245 |
_aChurch of the East _bAn illustrated history of Assyrian christianity |
||
| 260 |
_aLondon _bI B Tauris _c2006 |
||
| 300 | _aviii,328 | ||
| 650 | _athe | ||
| 650 | _aof | ||
| 650 | _aMar Thoma | ||
| 650 | _aillustrated | ||
| 650 | _ahistory | ||
| 650 | _aeast | ||
| 650 | _aChurch | ||
| 650 | _achristianity | ||
| 650 | _aAssyrian | ||
| 650 | _aAn | ||
| 690 | _aChristianity | ||
| 906 | _a065714 | ||
| 999 |
_c146987 _d146987 |
||